000 00431nam a2200181Ia 4500
008 140306s9999 xx 000 0 und d
020 _a8131502821
041 _aeng
082 _a658.3
_bWER/HU
100 _aDesimone, Randy.L
245 _aHuman Resource Development
250 _a4
260 _aDelhi
_bThomson South Western
_c2006
300 _a693
365 _bRs.375
700 _aWerner, Jon M.
942 _2ddc
_cBK
999 _c186444
_d186444